[Event "XtraCon-Skakligaen"]
[Site "Denmark"]
[Date "2013.01.13"]
[Round "5.4"]
[White "Sylvan, Jacob"]
[Black "Baekgaard, Martin"]
[Result "1/2-1/2"]
[WhiteElo "2313"]
[BlackElo "2313"]
[PlyCount "29"]
[EventDate "2012.10.27"]
[EventType "team-tourn"]
[EventRounds "9"]
[WhiteTeam "Nordkalotten"]
[BlackTeam "Jetsmark"]
[WhiteTeamCountry "DEN"]
[BlackTeamCountry "DEN"]

1. d4 d5 2. c4 e6 3. Nf3 Nf6 4. g3 dxc4 5. Bg2 a6 6. O-O Nc6 7. Nc3 Rb8 8. e4
Be7 9. Qe2 b5 10. Rd1 O-O 11. d5 exd5 12. e5 d4 13. exf6 Bxf6 14. Ne4 Be7 15.
Be3 1/2-1/2

[Event "XtraCon-Skakligaen"]
[Site "Denmark"]
[Date "2013.01.13"]
[Round "5.5"]
[White "Wiwe, Andreas"]
[Black "Hove, Esben Kjems"]
[Result "1-0"]
[WhiteElo "2272"]
[BlackElo "2267"]
[PlyCount "119"]
[EventDate "2012.10.27"]
[EventType "team-tourn"]
[EventRounds "9"]
[WhiteTeam "Jetsmark"]
[BlackTeam "Nordkalotten"]
[WhiteTeamCountry "DEN"]
[BlackTeamCountry "DEN"]

1. e4 c6 2. d4 d5 3. Nc3 dxe4 4. Nxe4 Bf5 5. Ng3 Bg6 6. h4 h6 7. Nf3 Nd7 8. h5
Bh7 9. Bd3 Bxd3 10. Qxd3 Ngf6 11. Bd2 Qc7 12. O-O-O e6 13. Kb1 c5 14. Rhe1
O-O-O 15. Qe2 cxd4 16. Nxd4 a6 17. Nb3 Bc5 18. Nxc5 Qxc5 19. Bc3 Rhg8 20. Bd4
Qc6 21. f3 Kb8 22. c4 Nb6 23. b3 Nfd7 24. Ne4 e5 25. Bb2 f6 26. Ba3 Nc8 27. Rd2
Ndb6 28. Red1 Rxd2 29. Qxd2 Na8 30. Nc5 Nc7 31. Qc2 Ne6 32. Nxe6 Qxe6 33. g4
Re8 34. Qe4 Ne7 35. Bc5 f5 36. gxf5 Nxf5 37. Rd5 Ng3 38. Qg4 Qxg4 39. fxg4 Ne4
40. Bb4 Kc8 41. Rd1 b6 42. Kc2 a5 43. Ba3 Nf6 44. Rg1 Kd7 45. Bc1 Re7 46. Be3
Re6 47. a3 Kc6 48. Bd2 Ne4 49. g5 hxg5 50. Bxg5 Nd6 51. Be3 Nf5 52. Kd3 e4+ 53.
Ke2 b5 54. Rg5 Re5 55. Rg6+ Kd7 56. Bb6 a4 57. bxa4 bxc4 58. a5 Rb5 59. a6 Rb3
60. a4 1-0

[Event "XtraCon-Skakligaen"]
[Site "Denmark"]
[Date "2013.01.13"]
[Round "5.6"]
[White "Nielsen, Lars Aaes"]
[Black "Jensen, Bjarke"]
[Result "1/2-1/2"]
[WhiteElo "2260"]
[BlackElo "2288"]
[PlyCount "81"]
[EventDate "2012.10.27"]
[EventType "team-tourn"]
[EventRounds "9"]
[WhiteTeam "Nordkalotten"]
[BlackTeam "Jetsmark"]
[WhiteTeamCountry "DEN"]
[BlackTeamCountry "DEN"]

1. e4 d6 2. d4 Nf6 3. Nc3 g6 4. Be3 c6 5. f3 b5 6. a3 Nbd7 7. g4 Nb6 8. d5 c5
9. Bxb5+ Nfd7 10. Nge2 Bg7 11. Qc1 h5 12. g5 O-O 13. f4 e6 14. dxe6 fxe6 15.
O-O a6 16. Bxd7 Qxd7 17. b3 Bb7 18. Qd2 Qc6 19. a4 Rad8 20. a5 Nc8 21. Ra4 d5
22. Rd1 d4 23. Nxd4 cxd4 24. Bxd4 Bxd4+ 25. Rxd4 Rxd4 26. Qxd4 Rxf4 27. Qe5 Rf8
28. Rd2 Qe8 29. Na4 Qf7 30. Qf6 Qxf6 31. gxf6 Bxe4 32. Nc5 Bf5 33. Nxa6 Rxf6
34. b4 e5 35. b5 e4 36. Nc7 Bh3 37. Rf2 Rd6 38. Re2 Rf6 39. Rf2 Rd6 40. Re2 Rf6
41. Rf2 1/2-1/2

[Event "XtraCon-Skakligaen"]
[Site "Denmark"]
[Date "2013.01.13"]
[Round "5.7"]
[White "Rathlev, Jakob"]
[Black "Jakobsen, Peter"]
[Result "1/2-1/2"]
[WhiteElo "2238"]
[BlackElo "2255"]
[PlyCount "128"]
[EventDate "2012.10.27"]
[EventType "team-tourn"]
[EventRounds "9"]
[WhiteTeam "Jetsmark"]
[BlackTeam "Nordkalotten"]
[WhiteTeamCountry "DEN"]
[BlackTeamCountry "DEN"]

1. c4 Nf6 2. g3 e6 3. Bg2 d5 4. Nf3 Be7 5. O-O O-O 6. b3 c5 7. Bb2 Nc6 8. e3 b6
9. Qe2 Bb7 10. Nc3 dxc4 11. bxc4 Qc7 12. Rfd1 a6 13. d4 cxd4 14. exd4 Na5 15.
Ne5 Bxg2 16. Kxg2 Rac8 17. d5 Nxc4 18. Nxc4 Qxc4 19. d6 Bd8 20. Rac1 Qxe2 21.
Nxe2 Rxc1 22. Rxc1 Nd7 23. Rc6 e5 24. f4 exf4 25. Nxf4 Re8 26. Bd4 f5 27. Nd5
Kf7 28. Nxb6 Bxb6 29. Bxb6 Re2+ 30. Kf1 Rxa2 31. Bc7 Ke6 32. Rc3 Nf6 33. Re3+
Ne4 34. g4 g6 35. gxf5+ gxf5 36. Rh3 Rd2 37. Rh6+ Kd7 38. Rxh7+ Kc6 39. Ke1 Rd5
40. Rf7 a5 41. Bb8 Rb5 42. Rc7+ Kxd6 43. Rb7+ Kc6 44. Rxb5 Kxb5 45. Be5 Kc4 46.
Ke2 a4 47. h4 Kd5 48. Bb2 Ng3+ 49. Kd3 Nh5 50. Bc1 f4 51. Bb2 Ng3 52. Bc1 f3
53. Ke3 Nf5+ 54. Kxf3 Nxh4+ 55. Ke2 Kc4 56. Ba3 Kb3 57. Bf8 Nf5 58. Kd3 Ng3 59.
Be7 Nh5 60. Kd2 Nf4 61. Kc1 Nd5 62. Bf8 Nb4 63. Bxb4 Kxb4 64. Kb2 a3+ 1/2-1/2

[Event "XtraCon-Skakligaen"]
[Site "Denmark"]
[Date "2013.01.13"]
[Round "5.8"]
[White "Ejsing, Esben"]
[Black "Helledie, Anders"]
[Result "1-0"]
[WhiteElo "2159"]
[BlackElo "2236"]
[PlyCount "57"]
[EventDate "2012.10.27"]
[EventType "team-tourn"]
[EventRounds "9"]
[WhiteTeam "Nordkalotten"]
[BlackTeam "Jetsmark"]
[WhiteTeamCountry "DEN"]
[BlackTeamCountry "DEN"]

1. d4 Nf6 2. Nf3 g6 3. Bf4 Bg7 4. h3 O-O 5. e3 d6 6. Be2 c5 7. c3 Nbd7 8. O-O
a6 9. a4 b6 10. Na3 Bb7 11. Bh2 Qc7 12. Rc1 Rfc8 13. Bc4 Bh6 14. Qb3 Rf8 15.
Qd1 Be4 16. Nd2 Bc6 17. f4 Qb7 18. Qe2 Bxa4 19. g4 Bg7 20. g5 Ne8 21. f5 d5 22.
Bd3 c4 23. Bb1 Nc7 24. e4 Bc6 25. e5 Rfd8 26. Nc2 f6 27. fxg6 fxe5 28. Ne3 e6
29. Qh5 1-0

[Event "XtraCon-Skakligaen"]
[Site "Denmark"]
[Date "2013.01.13"]
[Round "5.1"]
[White "Hillarp Persson, Tiger"]
[Black "Hansen, Mads Smith"]
[Result "1-0"]
[WhiteElo "2556"]
[BlackElo "2364"]
[PlyCount "71"]
[EventDate "2012.10.27"]
[EventType "team-tourn"]
[EventRounds "9"]
[WhiteTeam "Bronshoj"]
[BlackTeam "Obro"]
[WhiteTeamCountry "DEN"]
[BlackTeamCountry "DEN"]

1. d4 Nf6 2. c4 d6 3. Nf3 Nbd7 4. Nc3 c6 5. g3 e5 6. Bg2 Be7 7. Qc2 O-O 8. O-O
Re8 9. Rd1 Bf8 10. d5 c5 11. e4 g6 12. Rf1 Nh5 13. b3 Bg7 14. Bg5 Ndf6 15. Bd2
Re7 16. Ne1 Qf8 17. Nd3 Ne8 18. Rae1 f5 19. f4 exf4 20. Bxf4 Nxf4 21. Nxf4 Bd4+
22. Kh1 Ng7 23. Nb5 Be5 24. Nd3 a6 25. Nc3 Qe8 26. Nxe5 Rxe5 27. Qf2 Qe7 28.
exf5 Bxf5 29. g4 Bxg4 30. Rxe5 dxe5 31. d6 Qxd6 32. Ne4 Qe6 33. Nf6+ Kh8 34.
Bd5 Qc8 35. Nxg4 Qxg4 36. Qf8+ 1-0

[Event "XtraCon-Skakligaen"]
[Site "Denmark"]
[Date "2013.01.13"]
[Round "5.2"]
[White "Hansen, Soren Bech"]
[Black "Aagaard, Jacob"]
[Result "0-1"]
[WhiteElo "2329"]
[BlackElo "2517"]
[PlyCount "96"]
[EventDate "2012.10.27"]
[EventType "team-tourn"]
[EventRounds "9"]
[WhiteTeam "Obro"]
[BlackTeam "Bronshoj"]
[WhiteTeamCountry "DEN"]
[BlackTeamCountry "DEN"]

1. e4 c5 2. Nf3 e6 3. c3 Nf6 4. e5 Nd5 5. d4 cxd4 6. cxd4 d6 7. Be2 Nc6 8. O-O
Be7 9. Re1 O-O 10. Nbd2 dxe5 11. dxe5 Nf4 12. Bf1 Nd3 13. Re3 Nxc1 14. Rxc1 Nb4
15. Qb3 b6 16. Ne4 Bb7 17. Rd1 Nd5 18. Rc3 Rc8 19. Rxc8 Qxc8 20. a3 Qc7 21. Bd3
Nf4 22. Bb1 Rd8 23. Rxd8+ Bxd8 24. Qd1 Be7 25. h3 Ng6 26. Qc2 Qxc2 27. Bxc2 Bd8
28. Ned2 Bc7 29. Bxg6 hxg6 30. Kf1 Ba6+ 31. Ke1 Kf8 32. Kd1 Ke7 33. Kc2 f6 34.
b4 Bb5 35. Kc3 Be2 36. Kd4 b5 37. Ke3 Bd1 38. Kf4 g5+ 39. Kg3 Kf7 40. Kh2 Kg6
41. g4 Bxf3 42. Nxf3 Bxe5+ 43. Nxe5+ fxe5 44. Kg3 e4 45. h4 Kf6 46. Kh3 Ke5 47.
hxg5 Kf4 48. Kg2 g6 0-1

[Event "XtraCon-Skakligaen"]
[Site "Denmark"]
[Date "2013.01.13"]
[Round "5.3"]
[White "Pilgaard, Kim"]
[Black "Jorgensen, Dennis"]
[Result "1-0"]
[WhiteElo "2432"]
[BlackElo "2207"]
[PlyCount "105"]
[EventDate "2012.10.27"]
[EventType "team-tourn"]
[EventRounds "9"]
[WhiteTeam "Bronshoj"]
[BlackTeam "Obro"]
[WhiteTeamCountry "DEN"]
[BlackTeamCountry "DEN"]

1. e4 c6 2. d4 d5 3. e5 Bf5 4. Nf3 e6 5. Be2 Nd7 6. O-O h6 7. b3 Ne7 8. c4 Bh7
9. Nc3 Nc8 10. Bd3 Bxd3 11. Qxd3 Bb4 12. Ne2 O-O 13. Nf4 Qe8 14. a3 Ba5 15. Ra2
Ne7 16. h4 Ng6 17. Nh5 Bd8 18. g3 f6 19. exf6 Nxf6 20. Nxf6+ Bxf6 21. Re2 Qf7
22. Rfe1 Rae8 23. Kg2 Bd8 24. Bd2 a5 25. a4 Bc7 26. h5 Nh8 27. g4 Qf6 28. cxd5
cxd5 29. Rc1 Bf4 30. Ne5 Qh4 31. Bxf4 Rxf4 32. f3 Ref8 33. Rec2 Qe7 34. Rc8 Qb4
35. Rxf8+ Rxf8 36. Rc7 b6 37. Qc3 Qa3 38. Rc8 Rxc8 39. Qxc8+ Kh7 40. Qxe6 Qb2+
41. Kh3 Qxd4 42. Qf5+ Kg8 43. Nc6 Qc5 44. Qxd5+ Qxd5 45. Ne7+ Kf8 46. Nxd5 Nf7
47. Nxb6 Ne5 48. Kg3 Ke7 49. b4 axb4 50. Nd5+ Kd6 51. Nxb4 Kc5 52. Nc2 Nd3 53.
Ne3 1-0

[Event "XtraCon-Skakligaen"]
[Site "Denmark"]
[Date "2013.01.13"]
[Round "5.4"]
[White "Kaaber Hansen, Jacob"]
[Black "Bromann, Thorbjorn"]
[Result "0-1"]
[WhiteElo "2257"]
[BlackElo "2378"]
[PlyCount "92"]
[EventDate "2012.10.27"]
[EventType "team-tourn"]
[EventRounds "9"]
[WhiteTeam "Obro"]
[BlackTeam "Bronshoj"]
[WhiteTeamCountry "DEN"]
[BlackTeamCountry "DEN"]

1. e4 e6 2. d4 d5 3. Nc3 Nf6 4. e5 Nfd7 5. f4 c5 6. Nf3 Nc6 7. Be3 a6 8. Qd2 b5
9. a3 Qb6 10. g4 cxd4 11. Nxd4 Bc5 12. Nce2 g5 13. b4 Bxd4 14. Nxd4 gxf4 15.
Bf2 Ndxe5 16. Qxf4 Nxd4 17. O-O-O Nb3+ 18. Kb2 Ng6 19. Qg3 Qd8 20. Kxb3 e5 21.
Bd3 Qg5 22. Bxg6 hxg6 23. h4 Qf4 24. Qxf4 exf4 25. Bd4 Rh7 26. Rde1+ Be6 27. h5
Kd7 28. hxg6 Rxh1 29. Rxh1 fxg6 30. g5 f3 31. Rh7+ Kc6 32. Re7 Bf5 33. Kc3 Rh8
34. Re1 Rh2 35. Be3 Rxc2+ 36. Kb3 Rg2 37. Rf1 Be4 38. Rf2 Rg4 39. Kc3 Kd6 40.
Kd4 Bf5+ 41. Kc3 Ke5 42. Bb6 d4+ 43. Kd2 Be4 44. Bc7+ Kd5 45. Bd8 Rg2 46. Ke1
d3 0-1

[Event "XtraCon-Skakligaen"]
[Site "Denmark"]
[Date "2013.01.13"]
[Round "5.5"]
[White "Greger, Roland Reinhard"]
[Black "Schou Moldt, Thomas"]
[Result "0-1"]
[WhiteElo "2364"]
[BlackElo "2226"]
[PlyCount "94"]
[EventDate "2012.10.27"]
[EventType "team-tourn"]
[EventRounds "9"]
[WhiteTeam "Bronshoj"]
[BlackTeam "Obro"]
[WhiteTeamCountry "DEN"]
[BlackTeamCountry "DEN"]

1. e4 d6 2. d4 Nf6 3. Nc3 g6 4. Nf3 Bg7 5. Be2 O-O 6. O-O c5 7. d5 Na6 8. Bg5
Nc7 9. Re1 h6 10. Bf4 b5 11. Bxb5 Nh5 12. Qd2 Nxf4 13. Qxf4 Nxb5 14. Nxb5 Qb6
15. a4 a6 16. Na3 Qxb2 17. e5 Qb4 18. c4 g5 19. Qe4 g4 20. Nc2 Qb8 21. Rab1 Qc7
22. exd6 exd6 23. Nh4 f5 24. Qd3 Qf7 25. f4 gxf3 26. Nxf3 f4 27. Rb6 Bf5 28.
Qd2 Qf6 29. Re2 Rae8 30. h3 Qc3 31. Qxc3 Bxc3 32. Rf2 Rd8 33. Rxa6 Bd3 34. Na3
Bb4 35. Nb5 Bxc4 36. Nh4 Be1 37. Ng6 Bxf2+ 38. Kxf2 Rf6 39. Ne7+ Kf8 40. Nc6
Re8 41. Rb6 Re2+ 42. Kf3 Ra2 43. Rb8+ Kg7 44. Rb7+ Kg6 45. Ne7+ Kh5 46. Nc7
Be2+ 47. Ke4 Rxa4+ 0-1

[Event "XtraCon-Skakligaen"]
[Site "Denmark"]
[Date "2013.01.13"]
[Round "5.6"]
[White "Simonsen, Carsten"]
[Black "Aabling Thomsen, Jakob"]
[Result "1-0"]
[WhiteElo "2187"]
[BlackElo "2341"]
[PlyCount "153"]
[EventDate "2012.10.27"]
[EventType "team-tourn"]
[EventRounds "9"]
[WhiteTeam "Obro"]
[BlackTeam "Bronshoj"]
[WhiteTeamCountry "DEN"]
[BlackTeamCountry "DEN"]

1. c4 Nf6 2. g3 g6 3. Bg2 d5 4. cxd5 Nxd5 5. Nc3 Nb6 6. d3 Bg7 7. Be3 h5 8. Nf3
Nc6 9. Qd2 e5 10. O-O Nd4 11. Bg5 f6 12. Be3 Nf5 13. Bc5 h4 14. e4 Nd6 15. Nxh4
g5 16. Nf5 Nxf5 17. exf5 Bxf5 18. Bxb7 Rb8 19. Be4 Qd7 20. Qe2 Bh3 21. Rfe1 Kf7
22. Rac1 Rh6 23. Bxb6 axb6 24. Nd5 c5 25. Ne3 Be6 26. a3 Rbh8 27. Nf1 Bg4 28.
Bf3 Bh3 29. Bg2 Bg4 30. Qe4 Rd8 31. Rc3 Bf5 32. Qe3 Bf8 33. Be4 Bh3 34. Bg2 Bf5
35. Be4 Bh3 36. Bg2 Be6 37. Qe4 Qb5 38. b3 Bd5 39. Qa4 Qxa4 40. bxa4 Bxg2 41.
Kxg2 Rd4 42. Rb1 Rxa4 43. Rxb6 c4 44. Rxc4 Rxc4 45. dxc4 Bxa3 46. Ne3 Bc5 47.
Rb7+ Ke6 48. Nd5 f5 49. Rb5 Kd6 50. Ra5 Rh8 51. Ra6+ Kd7 52. Rf6 f4 53. Rf5 Bd4
54. Rxg5 f3+ 55. Kxf3 Rf8+ 56. Ke4 Rxf2 57. h4 Kd6 58. Rg8 Re2+ 59. Kd3 Re1 60.
h5 Bf2 61. Rg4 Rh1 62. Nf6 Ke6 63. Ne4 Bd4 64. Rh4 Ra1 65. h6 Ra3+ 66. Ke2 Ra8
67. h7 Rh8 68. c5 Kf5 69. Kf3 Kg6 70. c6 Bb6 71. Nc3 Bd8 72. Rh1 Rf8+ 73. Ke4
Bf6 74. Nd5 Bg7 75. Ne7+ Kf7 76. Rf1+ Bf6 77. Nd5 1-0

[Event "XtraCon-Skakligaen"]
[Site "Denmark"]
[Date "2013.01.13"]
[Round "5.7"]
[White "Palm, Nikolaj"]
[Black "Rhee, Alexander"]
[Result "1-0"]
[WhiteElo "2307"]
[BlackElo "2183"]
[PlyCount "89"]
[EventDate "2012.10.27"]
[EventType "team-tourn"]
[EventRounds "9"]
[WhiteTeam "Bronshoj"]
[BlackTeam "Obro"]
[WhiteTeamCountry "DEN"]
[BlackTeamCountry "DEN"]

1. d4 Nf6 2. Nf3 g6 3. Nbd2 Bg7 4. b3 O-O 5. Bb2 d6 6. e4 h6 7. g3 Nfd7 8. Bg2
e5 9. O-O Nc6 10. dxe5 Re8 11. Nc4 Ndxe5 12. Nfxe5 dxe5 13. Ne3 Bf8 14. Nd5 Nb4
15. Qe2 c6 16. Ne3 a5 17. h4 h5 18. Rad1 Qb6 19. a3 Na6 20. g4 Bxg4 21. Nxg4
hxg4 22. Qxg4 Re6 23. Qg3 Rae8 24. Bh3 R6e7 25. h5 Nc5 26. hxg6 fxg6 27. Rd6
Nxe4 28. Rxg6+ Rg7 29. Qg2 Nf6 30. Re1 Qc5 31. Bf5 Ree7 32. Qg5 Nh7 33. Qg4 Qd5
34. Re3 Nf6 35. Qg5 Qd1+ 36. Kg2 Qd5+ 37. Kh2 Nh7 38. Qh4 Rxg6 39. Bxg6 Kh8 40.
Rxe5 Qd6 41. f4 Kg8 42. Bd3 Nf6 43. Rf5 Rh7 44. Qxh7+ Nxh7 45. Bc4+ 1-0

[Event "XtraCon-Skakligaen"]
[Site "Denmark"]
[Date "2013.01.13"]
[Round "5.8"]
[White "Vej, Jesper"]
[Black "Holmsgaard, Henrik"]
[Result "0-1"]
[WhiteElo "2103"]
[BlackElo "2294"]
[PlyCount "86"]
[EventDate "2012.10.27"]
[EventType "team-tourn"]
[EventRounds "9"]
[WhiteTeam "Obro"]
[BlackTeam "Bronshoj"]
[WhiteTeamCountry "DEN"]
[BlackTeamCountry "DEN"]

1. b3 d5 2. f4 Bg4 3. Bb2 e6 4. g3 Nf6 5. Bg2 Bc5 6. Nf3 Nbd7 7. e3 O-O 8. O-O
a5 9. d4 Be7 10. Nbd2 Ne4 11. Qc1 f5 12. Ba3 Bb4 13. Nxe4 fxe4 14. Nd2 Qe7 15.
Nb1 c5 16. Bb2 cxd4 17. exd4 Rfc8 18. c3 b5 19. Qe1 Bd6 20. Nd2 Nb6 21. Rf2 a4
22. Rc1 axb3 23. axb3 Ra2 24. Nf1 Rxb2 25. Rxb2 Ba3 26. Rbc2 Bxc1 27. Qxc1 Qa7
28. Ne3 Bf5 29. h3 Nd7 30. g4 Bg6 31. Qd2 Qa3 32. Rb2 Qa5 33. Nd1 Nf6 34. Ra2
Qb6 35. Rc2 e3 36. Nxe3 Bxc2 37. Qxc2 b4 38. g5 Rxc3 39. Qd2 Ne4 40. Bxe4 dxe4
41. Nc4 Rd3 42. Qe2 Qxd4+ 43. Kg2 Rxb3 0-1

[Event "XtraCon-Skakligaen"]
[Site "Denmark"]
[Date "2013.01.13"]
[Round "5.1"]
[White "Andersen, Mads"]
[Black "Sorensen, Jan"]
[Result "0-1"]
[WhiteElo "2461"]
[BlackElo "2429"]
[PlyCount "84"]
[EventDate "2012.10.27"]
[EventType "team-tourn"]
[EventRounds "9"]
[WhiteTeam "TeamNordeaSkb"]
[BlackTeam "Aarhus/Skolerne"]
[WhiteTeamCountry "DEN"]
[BlackTeamCountry "DEN"]

1. d4 Nf6 2. c4 e6 3. Nf3 b6 4. g3 Ba6 5. Nbd2 Bb4 6. Qa4 c5 7. a3 Bxd2+ 8.
Bxd2 O-O 9. Bf4 Qc8 10. dxc5 bxc5 11. Bd6 Re8 12. Qc2 Qc6 13. Rd1 Qe4 14. Qd2
Nc6 15. Bg2 Rac8 16. b3 Nd4 17. Qb2 e5 18. O-O Qxe2 19. Qxe2 Nxe2+ 20. Kh1 e4
21. Ng1 Nd4 22. Bxc5 Nxb3 23. Bxa7 Bxc4 24. Rfe1 Ra8 25. Be3 Rxa3 26. h3 d5 27.
Ne2 Bd3 28. g4 h6 29. Nd4 Rc8 30. Nf5 Kh7 31. Nd4 Rc4 32. Nxb3 Rxb3 33. g5 hxg5
34. Bxg5 Rc2 35. Kg1 Nd7 36. Be3 Ne5 37. Bd4 Ng6 38. Ra1 Nf4 39. Be3 Ne6 40.
Ra4 f5 41. h4 f4 42. Bd4 Bb5 0-1

[Event "XtraCon-Skakligaen"]
[Site "Denmark"]
[Date "2013.01.13"]
[Round "5.2"]
[White "Rasmussen, Karsten"]
[Black "Palo, Davor"]
[Result "1/2-1/2"]
[WhiteElo "2435"]
[BlackElo "2551"]
[PlyCount "121"]
[EventDate "2012.10.27"]
[EventType "team-tourn"]
[EventRounds "9"]
[WhiteTeam "Aarhus/Skolerne"]
[BlackTeam "TeamNordeaSkb"]
[WhiteTeamCountry "DEN"]
[BlackTeamCountry "DEN"]

1. e4 e5 2. Nf3 Nc6 3. d4 exd4 4. Nxd4 Bc5 5. Nxc6 Qf6 6. Qf3 bxc6 7. Bd3 d6 8.
Qg3 Qg6 9. Nd2 Nf6 10. Nb3 Bb6 11. Bd2 O-O 12. f3 Nd7 13. O-O-O Ne5 14. Be2 f5
15. exf5 Bxf5 16. Qxg6 hxg6 17. Ba6 Bc8 18. Bxc8 Raxc8 19. Rhe1 Rce8 20. Na5
Bf2 21. Rf1 Bb6 22. Rfe1 Bf2 23. Rf1 Bb6 24. Rde1 Re7 25. Nc4 Rfe8 26. Nxe5
Rxe5 27. Kd1 Kf7 28. Rxe5 Rxe5 29. Re1 Rh5 30. h3 Ba5 31. c3 d5 32. Kc2 c5 33.
Bf4 c4 34. Be5 Bb6 35. Re2 Rh8 36. Bf4 Rd8 37. Bg5 Rd7 38. Re1 c6 39. b3 cxb3+
40. axb3 c5 41. Kd3 Ba5 42. Ra1 c4+ 43. bxc4 dxc4+ 44. Kxc4 Rc7+ 45. Kb5 Bxc3
46. Rc1 Rb7+ 47. Ka6 Rb3 48. Kxa7 Bd4+ 49. Ka6 Rb6+ 50. Ka5 Rb2 51. g4 Rb3 52.
Rc4 Be5 53. f4 Bf6 54. Bxf6 Kxf6 55. Rc6+ Kf7 56. Rc7+ Kg8 57. Rc8+ Kh7 58. g5
Rxh3 59. Kb4 Rh1 60. Rf8 Rc1 61. Kb5 1/2-1/2

[Event "XtraCon-Skakligaen"]
[Site "Denmark"]
[Date "2013.01.13"]
[Round "5.3"]
[White "Pedersen, Nicolai Vesterbaek"]
[Black "Skytte, Rasmus"]
[Result "1/2-1/2"]
[WhiteElo "2443"]
[BlackElo "2406"]
[PlyCount "36"]
[EventDate "2012.10.27"]
[EventType "team-tourn"]
[EventRounds "9"]
[WhiteTeam "TeamNordeaSkb"]
[BlackTeam "Aarhus/Skolerne"]
[WhiteTeamCountry "DEN"]
[BlackTeamCountry "DEN"]

1. Nf3 d5 2. d4 Nf6 3. c4 c6 4. e3 e6 5. Bd3 Nbd7 6. Nbd2 Bd6 7. e4 e5 8. cxd5
cxd5 9. O-O O-O 10. exd5 exd4 11. Ne4 Nxe4 12. Bxe4 Nc5 13. Qxd4 Nxe4 14. Qxe4
Re8 15. Qd3 Qf6 16. Bg5 Qxb2 17. Bh4 Qa3 18. Qc2 h6 1/2-1/2

[Event "XtraCon-Skakligaen"]
[Site "Denmark"]
[Date "2013.01.13"]
[Round "5.4"]
[White "Christensen, Tobias"]
[Black "Berg, Klaus"]
[Result "1/2-1/2"]
[WhiteElo "2362"]
[BlackElo "2390"]
[PlyCount "49"]
[EventDate "2012.10.27"]
[EventType "team-tourn"]
[EventRounds "9"]
[WhiteTeam "Aarhus/Skolerne"]
[BlackTeam "TeamNordeaSkb"]
[WhiteTeamCountry "DEN"]
[BlackTeamCountry "DEN"]

1. d4 Nf6 2. Nf3 g6 3. e3 Bg7 4. Be2 O-O 5. O-O c5 6. dxc5 Qc7 7. a3 Qxc5 8.
Bd2 d5 9. Bb4 Qc7 10. Nc3 Nc6 11. Nb5 Qb6 12. Bc3 Rd8 13. a4 Ne4 14. a5 Qc5 15.
Bxg7 Kxg7 16. Nd2 Nxd2 17. Qxd2 e5 18. Rfd1 d4 19. exd4 exd4 20. Ra4 Bg4 21.
Bxg4 Qxb5 22. b3 Rd6 23. a6 bxa6 24. Bf3 Rad8 25. Bxc6 1/2-1/2

[Event "XtraCon-Skakligaen"]
[Site "Denmark"]
[Date "2013.01.13"]
[Round "5.5"]
[White "Andersen, Jackie"]
[Black "Pedersen, Finn"]
[Result "1/2-1/2"]
[WhiteElo "2345"]
[BlackElo "2291"]
[PlyCount "69"]
[EventDate "2012.10.27"]
[EventType "team-tourn"]
[EventRounds "9"]
[WhiteTeam "TeamNordeaSkb"]
[BlackTeam "Aarhus/Skolerne"]
[WhiteTeamCountry "DEN"]
[BlackTeamCountry "DEN"]

1. g4 d5 2. Bg2 c6 3. h3 h5 4. g5 g6 5. d3 Bg7 6. Nd2 e5 7. Ngf3 Ne7 8. c4 Be6
9. Rb1 O-O 10. Qc2 b5 11. b4 bxc4 12. dxc4 e4 13. Nh4 Nf5 14. Nxf5 Bxf5 15. Qb3
e3 16. Qxe3 Bxb1 17. Nxb1 a5 18. b5 cxb5 19. cxb5 d4 20. Qd2 Ra7 21. O-O Re8
22. Na3 Rae7 23. Bf3 Nd7 24. Nc4 Ne5 25. Nxe5 Rxe5 26. a4 Rf5 27. Rd1 Be5 28.
Bg2 Qb6 29. Qd3 Bf4 30. Bb2 Rxg5 31. Qxd4 Qxd4 32. Bxd4 Rd8 33. b6 Rc5 34. e3
Rc4 35. b7 1/2-1/2

[Event "XtraCon-Skakligaen"]
[Site "Denmark"]
[Date "2013.01.13"]
[Round "5.6"]
[White "Jacobsen, Bo"]
[Black "Pedersen, Jan Rode"]
[Result "1-0"]
[WhiteElo "2309"]
[BlackElo "2215"]
[PlyCount "57"]
[EventDate "2012.10.27"]
[EventType "team-tourn"]
[EventRounds "9"]
[WhiteTeam "Aarhus/Skolerne"]
[BlackTeam "TeamNordeaSkb"]
[WhiteTeamCountry "DEN"]
[BlackTeamCountry "DEN"]

1. c4 g6 2. g3 Bg7 3. Bg2 e6 4. Nc3 Ne7 5. d4 d5 6. Nf3 O-O 7. O-O Nbc6 8. e3
dxc4 9. Qa4 e5 10. dxe5 Nxe5 11. Nxe5 Bxe5 12. Qxc4 c6 13. e4 Be6 14. Qe2 b5
15. Rd1 Qa5 16. Nd5 Rfe8 17. Bd2 Qd8 18. Bc3 Bxc3 19. Nxc3 Qa5 20. a3 Bb3 21.
Re1 Nf5 22. Rac1 Rad8 23. Qg4 Nd4 24. e5 Kg7 25. Qf4 Re6 26. Ne4 Nc2 27. Re2
Nd4 28. Re3 Bc4 29. Bh3 1-0

[Event "XtraCon-Skakligaen"]
[Site "Denmark"]
[Date "2013.01.13"]
[Round "5.7"]
[White "Seegert, Kristian"]
[Black "Ochsner, Thomas"]
[Result "0-1"]
[WhiteElo "2148"]
[BlackElo "2317"]
[PlyCount "60"]
[EventDate "2012.10.27"]
[EventType "team-tourn"]
[EventRounds "9"]
[WhiteTeam "TeamNordeaSkb"]
[BlackTeam "Aarhus/Skolerne"]
[WhiteTeamCountry "DEN"]
[BlackTeamCountry "DEN"]

1. e4 e5 2. Nf3 Nc6 3. Bc4 Bc5 4. c3 Nf6 5. d3 a6 6. Bb3 O-O 7. O-O Ba7 8. Nbd2
d6 9. Nc4 h6 10. Ne3 Kh7 11. h3 Ne7 12. Nh2 d5 13. Nhg4 Nxg4 14. Nxg4 Qd6 15.
Qe2 d4 16. f4 dxc3+ 17. Kh1 cxb2 18. Bxb2 exf4 19. e5 Nf5 20. Qe4 Qg6 21. Qxf4
h5 22. Ba3 Rd8 23. Rf3 Rd4 24. Qh2 hxg4 25. hxg4+ Nh6 26. Bxf7 Qg5 27. e6 Rxg4
28. Rh3 b5 29. Rf1 Bb7 30. Bc1 Rxg2 0-1

[Event "XtraCon-Skakligaen"]
[Site "Denmark"]
[Date "2013.01.13"]
[Round "5.8"]
[White "Hagen, Kresten Skytte"]
[Black "Lowenstein, Nicolai"]
[Result "1/2-1/2"]
[WhiteElo "2186"]
[BlackElo "2189"]
[PlyCount "40"]
[EventDate "2012.10.27"]
[EventType "team-tourn"]
[EventRounds "9"]
[WhiteTeam "Aarhus/Skolerne"]
[BlackTeam "TeamNordeaSkb"]
[WhiteTeamCountry "DEN"]
[BlackTeamCountry "DEN"]

1. Nf3 Nf6 2. c4 g6 3. Nc3 Bg7 4. e4 d6 5. d4 O-O 6. Be2 Na6 7. O-O e5 8. Be3
Ng4 9. Bg5 Qe8 10. c5 exd4 11. Nd5 Be6 12. cxd6 Bxd5 13. exd5 cxd6 14. Re1 Nc5
15. Bf1 Qa4 16. Be7 Rfc8 17. Qd2 f5 18. Bxd6 Ne4 19. Qb4 Qd7 20. Bg3 Qxd5
1/2-1/2

[Event "XtraCon-Skakligaen"]
[Site "Denmark"]
[Date "2013.01.13"]
[Round "5.1"]
[White "Teplyi, Igor"]
[Black "Kristiansen, Jens"]
[Result "1/2-1/2"]
[WhiteElo "2386"]
[BlackElo "2419"]
[PlyCount "123"]
[EventDate "2012.10.27"]
[EventType "team-tourn"]
[EventRounds "9"]
[WhiteTeam "Nordre"]
[BlackTeam "BMSSkak"]
[WhiteTeamCountry "DEN"]
[BlackTeamCountry "DEN"]

1. Nf3 g6 2. d4 Nf6 3. c4 d6 4. Nc3 Nbd7 5. e4 e5 6. Be2 Bg7 7. O-O O-O 8. Qc2
c6 9. Rd1 Qe7 10. Rb1 exd4 11. Nxd4 Re8 12. f3 Ne5 13. Kh1 a6 14. Bg5 h6 15.
Bh4 g5 16. Bf2 b5 17. cxb5 axb5 18. b4 Bd7 19. a4 bxa4 20. Nxa4 Reb8 21. Nc3
Ra3 22. Qd2 d5 23. Nc2 Rxc3 24. Qxc3 dxe4 25. Qc5 Qe8 26. Bg3 exf3 27. Qxe5
fxe2 28. Qxb8 exd1=Q+ 29. Rxd1 Ne4 30. Qxe8+ Bxe8 31. Be1 Kf8 32. Ne3 Bf6 33.
Nf5 h5 34. h3 h4 35. Rd3 c5 36. bxc5 Kg8 37. Re3 Bc6 38. Rb3 Bd7 39. Nd6 Nxc5
40. Rf3 Kg7 41. Bb4 Ne6 42. Ne4 Be5 43. Bc3 Bxc3 44. Rxc3 Kg6 45. Kg1 Nf4 46.
Kf2 Be6 47. Nd2 Bd5 48. Nf3 f5 49. Ra3 Be4 50. Ra6+ Kh5 51. Ne5 Nd3+ 52. Nxd3
Bxd3 53. Rb6 Be4 54. Re6 Bd5 55. Re5 Be4 56. Rb5 g4 57. hxg4+ Kxg4 58. Rb8 f4
59. Rg8+ Kf5 60. Rg7 Bc6 61. Rc7 Be4 62. Rg7 1/2-1/2